| 000 | 00430nam a2200193Ia 4500 | ||
|---|---|---|---|
| 008 | 210210b1935 xxu||||| |||| 00| 0 eng d | ||
| 041 | _aeng | ||
| 082 | _a825/2 | ||
| 100 | _aABERCROMBIE (L) | ||
| 245 | _aThomas Hardy: a critical study | ||
| 260 |
_aLondon _b- _c1935 |
||
| 650 | _aThomas | ||
| 650 | _astudy | ||
| 650 | _aHardy: | ||
| 650 | _acritical | ||
| 650 | _aa | ||
| 690 | _aEnglish Criticism | ||
| 906 | _a014320 | ||
| 999 |
_c133475 _d133475 |
||